000 00228nam a22000977a 4500
008 170124b xxu||||| |||| 00| 0 eng d
041 _aeng
080 _a618.2
245 _aAAFP CONTINUING MEDICAL EDUCATION
_cAAFP
942 _2udc
_cBK
999 _c3521
_d3521